000 00245nam a2200097Ia 4500
008 190216s9999||||xx |||||||||||||| ||und||
100 _aKhanna K C & Furtado J V
245 0 _aIndia Through The Ages
260 _bMagmillan &co Ltd
942 _cBK
999 _c18577
_d18577